00322nam a2200133Ia 4500008004100000041000800041082001500049100001700064245001600081250001400097260003900111300003100150365000700181240624s9999 xx 000 0 und d aeng a658.84 STR aSTRAUSS JUDY aE MARKETING a(3rd ed.) c2004aNew DelhibPearson Education axxi, : 578 : p. : cm. ; 25 cRS